000 00719nam a22002297a 4500
005 20251108170506.0
008 250721s2001 xx 000 0 ara d
082 1 4 _a216.9242/إرش
100 1 _aإرشيد، محمود عبد الكريم أحمد
245 1 0 _aالشامل في معاملات عمليات المصارف الإسلامية /
264 1 _aعمان :
_bدار النفائس،
_c2001.
300 _a416ص.
650 1 7 _aالبنوك الإسلامية
650 1 7 _aالربا
650 1 7 _aالقرآن الكريم
650 1 7 _aالشركة
650 1 7 _aالتمويل
650 1 7 _aالإسلام
650 1 7 _aبطاقات الإئتمان
942 _2ddc
_cBK
999 _c41800
_d41800